Deutsch.Немецкий язык : (Record no. 527177)
[ view plain ]
| 000 -LEADER | |
|---|---|
| fixed length control field | 00924nam a2200229 a 4500 |
| 001 - CONTROL NUMBER | |
| control field | 000822203 |
| 003 - CONTROL NUMBER IDENTIFIER | |
| control field | AM-YEHGA |
| 005 - DATE AND TIME OF LATEST TRANSACTION | |
| control field | 20250617164640.0 |
| 008 - FIXED-LENGTH DATA ELEMENTS--GENERAL INFORMATION | |
| fixed length control field | 110709s1962 ru ||||gr|||||||||0|rus|d |
| 040 ## - CATALOGING SOURCE | |
| Original cataloging agency | AM-YeHGA |
| 041 0# - LANGUAGE CODE | |
| Language code of text/sound track or separate title | rus |
| -- | ger |
| 090 ## - LOCALLY ASSIGNED LC-TYPE CALL NUMBER (OCLC); LOCAL CALL NUMBER (RLIN) | |
| -- | 565154 |
| 245 00 - TITLE STATEMENT | |
| Title | Deutsch.Немецкий язык : |
| Remainder of title | Lehrbuch und Ubungsbuch ; (Практический учебник немецкого языка) / |
| Statement of responsibility, etc. | В.В. Шлыкова, Н.А. Соловьян и др. ; Под ред. М. Я. Цвиллинга. |
| 260 ## - PUBLICATION, DISTRIBUTION, ETC. | |
| Place of publication, distribution, etc. | Москва : |
| Name of publisher, distributor, etc. | Издательство института международных отношений, |
| Date of publication, distribution, etc. | 1962. |
| 300 ## - PHYSICAL DESCRIPTION | |
| Extent | 222 с. ; |
| Dimensions | 22 см. |
| 500 ## - GENERAL NOTE | |
| General note | Алф. указ. : с. 211-221 |
| 650 14 - SUBJECT ADDED ENTRY--TOPICAL TERM | |
| Topical term or geographic name entry element | Немецкий язык |
| 700 1# - ADDED ENTRY--PERSONAL NAME | |
| Personal name | Шлыкова, В.В. |
| 700 1# - ADDED ENTRY--PERSONAL NAME | |
| Personal name | Соловьян, Н.А. |
| 700 1# - ADDED ENTRY--PERSONAL NAME | |
| Personal name | Цвиллинг, М.Я |
| Relator term | ред. |
| Relationship | edt |
| 942 ## - ADDED ENTRY ELEMENTS (KOHA) | |
| Source of classification or shelving scheme | Universal Decimal Classification |
| Koha item type | Գրքեր / Books |
| Withdrawn status | Lost status | Damaged status | Not for loan | Collection | Home library | Current library | Date acquired | Total checkouts | Full call number | Barcode | Date last seen | Price effective from | Koha item type | Public note |
|---|---|---|---|---|---|---|---|---|---|---|---|---|---|---|
| General | Fundamental Scientific Library | Fundamental Scientific Library | 21/03/2023 | PII/73759 | FL0679616 | 21/03/2023 | 21/03/2023 | Գրքեր / Books | 30 Days Loan |
ՀՀ Գիտությունների ազգային ակադեմիայի հիմնարար գիտական գրադարան = Fundamental Scientific Library of NAS RA
All site content, except where otherwise noted, is licensed under a